Wine and food : a gastronomical quarterly.

Uložené v:
Podrobná bibliografia
Médium: Časopis
Jazyk:English
Vydané: London : The Wine and food society, [1950-1950].
Tagy: Pridať tag
Žiadne tagy, Buďte prvý kto otaguje tento záznam!

MARC

LEADER 00000nas a2200000 a 4500
001 000311069
003 SVKK
005 20220505103417.0
008 040823d19501950xxk r|p||| |0 a0eng
040 |a KE001  |b slo  |e AACR2 
041 0 |a eng 
044 |a xxk  |c GB 
245 0 0 |a Wine and food :  |b a gastronomical quarterly. 
260 |a London :  |b The Wine and food society,  |c [1950-1950]. 
310 |a periodicita neznáma 
362 0 |a [(1950) - (1950)] 
910 |a KE001  |b B.890 
998 |a SE 
090 |g CASOS  |k Sklad Pribinova 1. posch.  |a B.890  |j 6123  |i 2720892919  |4 Silne poškodené  |s Vyradená